| 000 | 00447cam a22001934a 4500 | ||
|---|---|---|---|
| 005 | 20250605164326.0 | ||
| 008 | 250528s ||||||||||||||||||||||||d | ||
| 035 | _a23032 | ||
| 020 | _a9780273735731 | ||
| 040 |
_aGR-AtMCL _bgre _dGR-AtMCL _eAACR2 |
||
| 245 | 1 | _aTHE RULES OF MANAGEMENT | |
| 250 | _a2 | ||
| 260 |
_bPearson, _c2011 |
||
| 300 | _a221 | ||
| 700 | 1 |
_aTemple Grandin _98609 |
|
| 942 | _cBK | ||
| 999 |
_c8073 _d8073 |
||